000 00830nam a2200229 a 4500
001 000012801
005 20250204073951.0
008 091117s1994 dr a 000 f spa d
040 _aDO-SdBNP
_bspa
_cBNPHU
082 _aRD863.44
_bN218q
100 1 _aNaranjo, Manuel,
_d1950-
_929610
245 1 0 _aQuitapuela /
_cManuel Naranjo ; prólogo Mariano Lebrón Saviñón ; ilustraciones Cándido Bidó.
260 _aSanto Domingo :
_bCorripio,
_c1994.
300 _a219 p. :
_bil. ;
_c23 cm.
500 _aIncluye datos biográficos del autor.
590 _aInventariado, 2020/MAA
650 0 _aNovela dominicana
_9223
650 0 _aLiteratura dominicana.
_967
700 1 _aLebrón Saviñon, Mariano
_d1922-2014
_epról.
_97227
700 1 _aBidó, Cándido,
_d1936-2011
_eil.
_929482
910 _aValidado. Control de calidad MMOLINA
999 _c12451
_d12451